MARC details
| 000 -CABECERA |
| campo de control de longitud fija |
03749cgm a2200769 i 4500 |
| 001 - NÚMERO DE CONTROL |
| campo de control |
991061497313906706 |
| 003 - IDENTIFICADOR DEL NÚMERO DE CONTROL |
| campo de control |
ES-BaIT |
| 005 - FECHA Y HORA DE LA ÚLTIMA TRANSACCIÓN |
| campo de control |
20250917102221.0 |
| 007 - CAMPO FIJO DE DESCRIPCIÓN FÍSICA--INFORMACIÓN GENERAL |
| campo de control de longitud fija |
vd#mvaizs |
| 008 - DATOS DE LONGITUD FIJA--INFORMACIÓN GENERAL |
| campo de control de longitud fija |
190115t20182018xxk150 vlzxx c |
| 024 3# - IDENTIFICADOR DE OTROS ESTÁNDARES |
| Número estándar o código |
5060291820133 |
| 040 ## - FUENTE DE LA CATALOGACIÓN |
| Centro catalogador/agencia de origen |
ES-BaIT |
| Lengua de catalogación |
cat |
| Normas de descripción |
rda |
| Centro/agencia transcriptor |
ES-BaIT |
| 080 ## - NÚMERO DE LA CLASIFICACIÓN DECIMAL UNIVERSAL |
| Número de la Clasificación Decimal Universal |
793.4(086.8) |
| 130 ## - ENTRADA PRINCIPAL--TÍTULO UNIFORME |
| Título uniforme |
Zolushka (Coreografia : Bourne) |
| 9 (RLIN) |
167079 |
| 245 00 - MENCIÓN DE TÍTULO |
| Título |
Matthew Bourne's Cinderella / |
| Mención de responsabilidad, etc. |
directed and choreographed by Matthew Bourne ; music by Prokofiev ; a New Adventures/Illuminations production for BBC. |
| 246 30 - FORMA VARIANTE DE TÍTULO |
| Título propio/Titulo breve |
Cinderella |
| 264 #1 - PRODUCCIÓN, PUBLICACIÓN, DISTRIBUCIÓN, FABRICACIÓN Y COPYRIGHT |
| Producción, publicación, distribución, fabricación y copyright |
[United Kingdom] : |
| Nombre del de productor, editor, distribuidor, fabricante |
Illuminations : |
| -- |
New Adventures, |
| Fecha de producción, publicación, distribución, fabricación o copyright |
[2018] |
| 264 #4 - PRODUCCIÓN, PUBLICACIÓN, DISTRIBUCIÓN, FABRICACIÓN Y COPYRIGHT |
| Fecha de producción, publicación, distribución, fabricación o copyright |
©2018 |
| 300 ## - DESCRIPCIÓN FÍSICA |
| Extensión |
1 videodisc (150 min) : |
| Otras características físicas |
so, color ; |
| Dimensiones |
12 cm |
| 336 ## - TIPO DE CONTENIDO |
| Término de tipo de contenido |
imatge en moviment bidimensional |
| Código de tipo de contenido |
tdi |
| Fuente |
rdacontent |
| 337 ## - TIPO DE MEDIO |
| Nombre/término del tipo de medio |
vídeo |
| Código del tipo de medio |
v |
| Fuente |
rdamedia |
| 338 ## - TIPO DE SOPORTE |
| Nombre/término del tipo de soporte |
videodisc |
| Código del tipo de soporte |
vd |
| Fuente |
rdacarrier |
| 344 ## - CARACTERÍSTICAS DE SONIDO |
| Tipo de grabación |
digital |
| Fuente |
rdatr |
| 344 ## - CARACTERÍSTICAS DE SONIDO |
| Medio de grabación |
òptic |
| Fuente |
rdarm |
| 344 ## - CARACTERÍSTICAS DE SONIDO |
| Configuración de los canales de reproducción del sonido |
estèreo |
| Fuente |
rdacpc |
| 347 ## - CARACTERÍSTICAS DEL ARCHIVO DIGITAL |
| Tipo de archivo |
fitxer vídeo |
| Fuente |
rdaft |
| 347 ## - CARACTERÍSTICAS DEL ARCHIVO DIGITAL |
| Formato de codificación |
Blu-ray |
| 347 ## - CARACTERÍSTICAS DEL ARCHIVO DIGITAL |
| Codificación regional |
totes les regions |
| Fuente |
rdare |
| 500 ## - NOTA GENERAL |
| Nota general |
"As seen on the BBC"--Contenidor |
| 500 ## - NOTA GENERAL |
| Nota general |
Títol obtingut de la superfície del disc |
| 500 ## - NOTA GENERAL |
| Nota general |
Extres: The making of Cinderella (a new film featuring interviews with cast members Ashley Shaw, Andrew Monaghan, Liam Mower, Michela Meazza, and Matthew Bourne) (approximately 20 min.). |
| 508 ## - NOTA DE CRÉDITOS DE CREACIÓN O PRODUCCIÓN |
| Nota de créditos de creación o producción |
Escenografia i figurinisme: Lez Brotherston ; il·luminació: Neil Austin ; so: Paul Groothuis ; productors executius: Emma Cahusac (BBC), Robert Noble (New Adventures), John Wyver (Illuminations) ; productor: Lucie Conrad ; director: Ross MacGibbon. |
| 511 1# - NOTA DE PARTICIPANTES O INTÉRPRETES |
| Nota de participantes o intérpretes |
Ashley Shaw (Cinderella) ; Andrew Monaghan (the pilot) ; Liam Mower (the angel) ; Michela Meazza (the stepmother) ; Alan Vincent (the father) ; Stephanie Billera, Nicole Kabera (the stepsisters) ; Jackson Fisch, Daniel Wright, Stephen Murray (the stepbrothers) ; New Adventures ; New Adventures Orchestra ; Brett Morris, director d'orquestra |
| 518 ## - NOTA DE FECHA/HORA Y LUGAR DE UN ACONTECIMIENTO |
| Nota de fecha/hora y lugar de un acontecimiento |
Enregistrat en directe al Sadler's Wells Theatre |
| 546 ## - NOTA DE LENGUA/LENGUAJE |
| Nota de lengua/lenguaje |
Subtítols en anglès només pels extres |
| 650 #7 - PUNTO DE ACCESO ADICIONAL DE MATERIA--TÉRMINO DE MATERIA |
| Término de materia o nombre geográfico como elemento de entrada |
Dansa clàssica |
| Subdivisión general |
Coreografies |
| 9 (RLIN) |
56589 |
| 650 #0 - PUNTO DE ACCESO ADICIONAL DE MATERIA--TÉRMINO DE MATERIA |
| Término de materia o nombre geográfico como elemento de entrada |
Dansa filmada |
| 9 (RLIN) |
166159 |
| 700 1# - ENTRADA AGREGADA--NOMBRE PERSONAL |
| Nombre de persona |
Bourne, Matthew |
| Término indicativo de función/relación |
coreògraf, |
| -- |
director, |
| -- |
entrevistat |
| 9 (RLIN) |
9477 |
| 700 1# - ENTRADA AGREGADA--NOMBRE PERSONAL |
| Nombre de persona |
Shaw, Ashley |
| Término indicativo de función/relación |
ballarí, |
| -- |
entrevistat |
| 9 (RLIN) |
167080 |
| 700 1# - ENTRADA AGREGADA--NOMBRE PERSONAL |
| Nombre de persona |
Monaghan, Andrew |
| Término indicativo de función/relación |
ballarí, |
| -- |
entrevistat |
| 9 (RLIN) |
167081 |
| 700 1# - ENTRADA AGREGADA--NOMBRE PERSONAL |
| Nombre de persona |
Meazza, Michela |
| Término indicativo de función/relación |
ballarí, |
| -- |
entrevistat |
| 9 (RLIN) |
167082 |
| 700 1# - ENTRADA AGREGADA--NOMBRE PERSONAL |
| Nombre de persona |
Mower, Liam, |
| Fechas asociadas al nombre |
1992- |
| Término indicativo de función/relación |
ballarí, |
| -- |
entrevistat |
| 9 (RLIN) |
167083 |
| 700 1# - ENTRADA AGREGADA--NOMBRE PERSONAL |
| Nombre de persona |
Alan, Vincent |
| Término indicativo de función/relación |
ballarí |
| 9 (RLIN) |
167084 |
| 700 1# - ENTRADA AGREGADA--NOMBRE PERSONAL |
| Nombre de persona |
Billera, Stephanie |
| Término indicativo de función/relación |
ballarí |
| 9 (RLIN) |
167085 |
| 700 1# - ENTRADA AGREGADA--NOMBRE PERSONAL |
| Nombre de persona |
Kabera, Nicole |
| Término indicativo de función/relación |
ballarí |
| 9 (RLIN) |
167086 |
| 700 1# - ENTRADA AGREGADA--NOMBRE PERSONAL |
| Nombre de persona |
Fisch, Jackson |
| Término indicativo de función/relación |
ballarí |
| 9 (RLIN) |
167087 |
| 700 1# - ENTRADA AGREGADA--NOMBRE PERSONAL |
| Nombre de persona |
Wright, Daniel |
| Término indicativo de función/relación |
ballarí |
| 9 (RLIN) |
167088 |
| 700 1# - ENTRADA AGREGADA--NOMBRE PERSONAL |
| Nombre de persona |
Murray, Stephen |
| Término indicativo de función/relación |
ballarí |
| 9 (RLIN) |
167089 |
| 700 ## - ENTRADA AGREGADA--NOMBRE PERSONAL |
| Nombre de persona |
Morris, Brett |
| Término indicativo de función/relación |
director d'orquestra |
| 9 (RLIN) |
128554 |
| 700 1# - ENTRADA AGREGADA--NOMBRE PERSONAL |
| Nombre de persona |
Brotherston, Lez |
| Término indicativo de función/relación |
figurinista |
| 9 (RLIN) |
167090 |
| 700 ## - ENTRADA AGREGADA--NOMBRE PERSONAL |
| Nombre de persona |
Austin, Neil |
| 9 (RLIN) |
136790 |
| 700 1# - ENTRADA AGREGADA--NOMBRE PERSONAL |
| Nombre de persona |
Groothuis, Pau |
| 9 (RLIN) |
167091 |
| 700 1# - ENTRADA AGREGADA--NOMBRE PERSONAL |
| Nombre de persona |
Cahusac, Emma |
| Término indicativo de función/relación |
productor |
| 9 (RLIN) |
167092 |
| 700 1# - ENTRADA AGREGADA--NOMBRE PERSONAL |
| Nombre de persona |
Noble, Robert |
| Término indicativo de función/relación |
productor |
| 9 (RLIN) |
167093 |
| 700 1# - ENTRADA AGREGADA--NOMBRE PERSONAL |
| Nombre de persona |
Wyver, John |
| Término indicativo de función/relación |
productor |
| 9 (RLIN) |
167094 |
| 700 1# - ENTRADA AGREGADA--NOMBRE PERSONAL |
| Nombre de persona |
Conrad, Lucie |
| Término indicativo de función/relación |
productor |
| 9 (RLIN) |
167095 |
| 700 1# - ENTRADA AGREGADA--NOMBRE PERSONAL |
| Nombre de persona |
MacGibbon, Ross |
| Término indicativo de función/relación |
director |
| 9 (RLIN) |
30789 |
| 700 #2 - ENTRADA AGREGADA--NOMBRE PERSONAL |
| Información de relación/Frase instructiva de referencia |
Contenidor de (obra): |
| Nombre de persona |
Prokofiev, Serguei, |
| Fechas asociadas al nombre |
1891-1953. |
| Título de la obra |
Zolushka |
| 9 (RLIN) |
96170 |
| 710 2# - ENTRADA AGREGADA--NOMBRE DE ENTIDAD CORPORATIVA |
| Nombre de entidad corporativa o nombre de jurisdicción como elemento de entrada |
New Adventures Orchestra |
| Término indicativo de función/relación |
instrumentista |
| 9 (RLIN) |
167096 |
| 710 2# - ENTRADA AGREGADA--NOMBRE DE ENTIDAD CORPORATIVA |
| Nombre de entidad corporativa o nombre de jurisdicción como elemento de entrada |
New Adventures (Londres, Anglaterra), |
| Término indicativo de función/relación |
productora |
| 9 (RLIN) |
167097 |
| 710 ## - ENTRADA AGREGADA--NOMBRE DE ENTIDAD CORPORATIVA |
| Nombre de entidad corporativa o nombre de jurisdicción como elemento de entrada |
British Broadcasting Corporation |
| Término indicativo de función/relación |
productora |
| 9 (RLIN) |
103751 |
| 710 ## - ENTRADA AGREGADA--NOMBRE DE ENTIDAD CORPORATIVA |
| Nombre de entidad corporativa o nombre de jurisdicción como elemento de entrada |
Illuminations (Firma) |
| Término indicativo de función/relación |
productora |
| 9 (RLIN) |
104329 |
| 740 0# - ENTRADA AGREGADA--TÍTULO RELACIONADO/ANALÍTICO NO CONTROLADO |
| Título relacionado o analítico no controlado |
Cinderella (Coreografia : Bourne) |
| 908 ## - COLOCAR PARÁMETRO DE COMANDO (RLIN) |
| Colocar parámetro de comando |
CDMAE |
| 940 ## - EQUIVALENCIA O REFERENCIA-CRUZADA--TÍTULO UNIFORME [OBSOLETO] [solamente CAN/MARC] |
| Título uniforme |
<a href="CDMAE">CDMAE</a> |
| 942 ## - ELEMENTOS DE ENTRADA AGREGADA (KOHA) |
| Fuente del sistema de clasificación o colocación |
Clasificación decimal universal |
| Tipo de ítem Koha |
Vídeo |